15 Largest Cities in Each State PART 2 - Statistics

General Stats
  • This quiz has been taken 24 times
  • The average score is 88 of 255
Answer Stats
State Population Starting letter City % Correct
South Carolina 135,257 C Charleston
94%
West Virginia 48,006 C Charleston
94%
South Carolina 133,273 C Columbia
94%
Ohio 878,553 C Columbus
94%
Texas 950,807 A Austin
88%
Ohio 301,394 C Cincinnati
88%
Ohio 385,282 C Cleveland
88%
Tennessee 44,595 C Cleveland
88%
Texas 1,330,612 D Dallas
88%
Texas 679,813 E El Paso
88%
Texas 2,310,432 H Houston
88%
Tennessee 651,932 M Memphis
88%
Tennessee 687,488 N Nashville
88%
Oklahoma 643,692 O Oklahoma City
88%
Oregon 645,291 P Portland
88%
Utah 197,756 S Salt Lake City
88%
Texas 1,508,083 S San Antonio
88%
Washington 724,305 S Seattle
88%
Washington 217,353 S Spokane
88%
Washington 212,869 T Tacoma
88%
Oklahoma 402,324 T Tulsa
88%
Texas 198,955 A Amarillo
81%
Texas 395,477 A Arlington
81%
Virginia 233,464 A Arlington
81%
Tennessee 179,690 C Chattanooga
81%
Virginia 239,982 C Chesapeake
81%
North Dakota 121,889 F Fargo
81%
Texas 874,401 F Fort Worth
81%
Texas 253,851 L Lubbock
81%
Wisconsin 594,548 M Milwaukee
81%
Pennsylvania 1,585,010 P Philadelphia
81%
Pennsylvania 299,718 P Pittsburgh
81%
Rhode Island 179,494 P Providence
81%
Utah 116,403 P Provo
81%
Virginia 450,201 V Virginia Beach
81%
Ohio 198,051 A Akron
75%
Texas 325,780 C Corpus Christi
75%
Ohio 140,569 D Dayton
75%
South Dakota 7,261 M Madison
75%
Wisconsin 254,977 M Madison
75%
Texas 287,064 P Plano
75%
Virginia 226,622 R Richmond
75%
Oregon 169,259 S Salem
75%
Ohio 276,614 T Toledo
75%
Pennsylvania 121,252 A Allentown
69%
North Dakota 72,777 B Bismarck
69%
Wyoming 63,607 C Cheyenne
69%
Wisconsin 104,777 G Green Bay
69%
Tennessee 186,173 K Knoxville
69%
Texas 259,151 L Laredo
69%
South Dakota 177,117 S Sioux Falls
69%
Virginia 157,613 A Alexandria
63%
Texas 239,783 I Irving
63%
Virginia 244,601 N Norfolk
63%
South Carolina 111,501 N North Charleston
63%
Utah 86,833 O Ogden
63%
South Dakota 75,258 R Rapid City
63%
Pennsylvania 75,925 S Scranton
63%
Washington 144,403 B Bellevue
56%
Wyoming 58,446 C Casper
56%
Oregon 168,302 E Eugene
56%
Texas 238,418 G Garland
56%
Wyoming 32,381 L Laramie
56%
Rhode Island 24,663 N Newport
56%
Virginia 179,673 N Newport News
56%
Washington 180,556 V Vancouver
56%
South Dakota 28,225 A Aberdeen
50%
Oregon 93,917 B Bend
50%
Vermont 42,545 B Burlington
50%
Pennsylvania 93,928 E Erie
50%
North Dakota 56,500 G Grand Forks
50%
Texas 192,565 G Grand Prairie
50%
Tennessee 66,870 J Jackson
50%
Wyoming 10,553 J Jackson
50%
Wisconsin 99,688 K Kenosha
50%
Pennsylvania 58,981 L Lancaster
50%
Tennessee 136,366 M Murfreesboro
50%
South Carolina 32,700 M Myrtle Beach
50%
Pennsylvania 88,041 R Reading
50%
Utah 136,009 W West Valley City
50%
Ohio 64,783 Y Youngstown
50%
Oklahoma 108,496 B Broken Arrow
44%
Ohio 71,243 C Canton
44%
Tennessee 152,934 C Clarksville
44%
South Carolina 67,737 G Greenville
44%
Virginia 135,041 H Hampton
44%
Pennsylvania 49,395 H Harrisburg
44%
West Virginia 30,712 M Morgantown
44%
Utah 96,725 O Orem
44%
Rhode Island 71,844 P Pawtucket
44%
Washington 97,562 S Spokane Valley
44%
North Dakota 35,397 W West Fargo
44%
Utah 114,138 W West Jordan
44%
Washington 93,413 Y Yakima
44%
Wisconsin 74,139 A Appleton
38%
Rhode Island 81,254 C Cranston
38%
Washington 109,766 E Everett
38%
Washington 131,118 K Kent
38%
Oklahoma 94,017 L Lawton
38%
Oklahoma 122,837 N Norman
38%
Wisconsin 66,773 O Oshkosh
38%
Wisconsin 77,081 R Racine
38%
Virginia 99,229 R Roanoke
38%
Utah 84,500 S St. George
38%
Oregon 97,861 B Beaverton
31%
Wyoming 9,764 C Cody
31%
Rhode Island 47,483 E East Providence
31%
Oklahoma 50,394 E Enid
31%
South Carolina 38,487 F Florence
31%
Oregon 110,494 G Gresham
31%
West Virginia 46,667 H Huntington
31%
Tennessee 66,515 J Johnson City
31%
South Carolina 86,982 M Mount Pleasant
31%
West Virginia 30,021 P Parkersburg
31%
South Carolina 73,334 R Rock Hill
31%
South Carolina 37,424 S Spartanburg
31%
Ohio 59,132 S Springfield
31%
Oregon 62,077 S Springfield
31%
Vermont 8,989 S Springfield
31%
South Carolina 53,037 S Summerville
31%
Rhode Island 80,993 W Warwick
31%
Pennsylvania 40,498 W Wilkes
31%
Pennsylvania 42,766 A Altoona
25%
Washington 80,134 A Auburn
25%
Washington 88,764 B Bellingham
25%
Pennsylvania 75,961 B Bethlehem
25%
Oregon 58,028 C Corvallis
25%
Wisconsin 68,187 E Eau Claire
25%
Oklahoma 92,009 E Edmond
25%
Wisconsin 42,909 F Fond du Lac
25%
South Carolina 41,978 G Goose Creek
25%
Wyoming 12,069 G Green River
25%
Oregon 106,543 H Hillsboro
25%
South Dakota 13,282 H Huron
25%
Ohio 50,259 L Lakewood
25%
Utah 76,197 L Layton
25%
Utah 64,006 L Lehi
25%
Ohio 63,801 L Lorain
25%
Virginia 80,569 L Lynchburg
25%
North Dakota 48,261 M Minot
25%
Oklahoma 60,943 M Moore
25%
Oklahoma 37,624 M Muskogee
25%
South Dakota 13,961 P Pierre
25%
Virginia 95,097 P Portsmouth
25%
Washington 101,484 R Renton
25%
Vermont 19,162 S South Burlington
25%
Virginia 90,093 S Suffolk
25%
Wisconsin 72,412 W Waukesha
25%
West Virginia 27,062 W Wheeling
25%
Pennsylvania 43,752 Y York
25%
South Dakota 24,108 B Brookings
19%
West Virginia 15,553 C Clarksburg
19%
Vermont 21,467 E Essex
19%
Tennessee 77,939 F Franklin
19%
Wyoming 32,857 G Gilette
19%
Ohio 62,182 H Hamilton
19%
North Dakota 15,289 J Jamestown
19%
Washington 89,438 K Kirkland
19%
Wisconsin 51,666 L La Crosse
19%
Utah 50,863 L Logan
19%
Oregon 81,145 M Medford
19%
Rhode Island 32,564 N North Providence
19%
Ohio 79,091 P Parma
19%
Utah 96,127 S Sandy
19%
Wisconsin 48,327 S Sheboygan
19%
Wyoming 17,844 S Sheridan
19%
Utah 71,198 S South Jordan
19%
South Carolina 30,671 A Aiken
13%
Oregon 53,521 A Albany
13%
Vermont 7,739 B Barre
13%
Tennessee 59,102 B Bartlett
13%
West Virginia 16,452 B Beckley
13%
Vermont 15,097 B Bennington
13%
Ohio 53,821 E Elyria
13%
Washington 96,526 F Federal Way
13%
Vermont 9,643 H Hartford
13%
Tennessee 57,083 H Hendersonville
13%
South Carolina 40,007 H Hilton Head Island
13%
Wisconsin 64,245 J Janesville
13%
Oregon 38,980 K Keizer
13%
Washington 81,479 K Kennewick
13%
Tennessee 53,376 K Kingsport
13%
South Dakota 15,727 M Mitchell
13%
Wyoming 23,319 R Rock Springs
13%
Pennsylvania 41,808 S State College
13%
Oklahoma 49,952 S Stillwater
13%
South Carolina 39,800 S Sumter
13%
Oregon 53,312 T Tigard
13%
South Dakota 22,166 W Watertow
13%
West Virginia 18,670 W Weirton
13%
Wisconsin 60,025 W West Allis
13%
North Dakota 27,250 W Williston
13%
Vermont 9,686 W Williston
13%
Rhode Island 41,603 W Woonsocket
13%
Oregon 54,287 A Aloha
6%
South Dakota 9,934 B Brandon
6%
Vermont 11,524 B Brattleboro
6%
Vermont 17,303 C Colchester
6%
Tennessee 50,086 C Collierville
6%
Rhode Island 34,846 C Cumberland
6%
North Dakota 7,344 D Devils Lake
6%
North Dakota 22,882 D Dickinson
6%
Vermont 10,603 E Essex Junction
6%
West Virginia 18,458 F Fairmont
6%
Rhode Island 29,307 J Johnston
6%
Ohio 55,390 K Kettering
6%
Oregon 39,127 L Lake Oswego
6%
West Virginia 17,475 M Martinsburg
6%
Oklahoma 57,288 M Midwest City
6%
Utah 60,731 M Millcreek
6%
Utah 49,105 M Murray
6%
Pennsylvania 34,237 N Norristown
6%
Rhode Island 26,235 N North Kingstown
6%
South Dakota 9,114 R Rapid Valley
6%
Wyoming 8,820 R Rawlins
6%
Virginia 61,147 R Reston
6%
Wyoming 10,891 R Riverton
6%
West Virginia 12,475 S South Charleston
6%
Rhode Island 30,652 S South Kingstown
6%
Utah 60,138 T Taylorsville
6%
South Dakota 10,753 V Vermillion
6%
Wisconsin 47,971 W Wauwatosa
6%
Rhode Island 22,544 W Westerly
6%
South Dakota 14,573 Y Yankton
6%
Vermont 8,646 B Barre City
0%
Oklahoma 36,412 B Bartlesville
0%
West Virginia 9,889 B Bluefield
0%
South Dakota 9,683 B Box Elder
0%
Virginia 74,125 C Centreville
0%
Rhode Island 34,627 C Coventry
0%
Virginia 72,627 D Dale City
0%
Wyoming 6,393 D Douglas
0%
Wyoming 11,848 E Evanston
0%
North Dakota 4,182 G Grafton
0%
South Carolina 30,854 G Greer
0%
Wyoming 7,555 L Lander
0%
Pennsylvania 51,818 L Levittown
0%
North Dakota 22,301 M Mandan
0%
Vermont 8,661 M Middlebury
0%
Vermont 10,882 M Milton
0%
North Dakota 5,312 M Minot AFB
0%
Oklahoma 36,173 O Owasso
0%
Vermont 15,398 R Rutland City
0%
Oklahoma 31,235 S Shawnee
0%
Tennessee 49,552 S Smyrna
0%
South Dakota 11,547 S Spearfish
0%
West Virginia 10,270 S St. Albans
0%
West Virginia 13,866 T Teays Valley
0%
Wyoming 6,675 T Torrington
0%
North Dakota 6,460 V Valley City
0%
West Virginia 10,348 V Vienna
0%
North Dakota 7,802 W Wahpeton
0%
North Dakota 6,912 W Watford City
0%
Rhode Island 28,944 W West Warwivk
0%
Oklahoma 26,943 Y Yukon
0%
No matching quizzes found
Score Distribution
Percent of People with Each Score
Percentile by Number Answered
Your Score History
You have not taken this quiz